Una alternativa curricular para la educación técnico profesional

Salvato in:
Dettagli Bibliografici
Autore principale: Oteíza, Fidel (autor)
Natura: Libro
Lingua:spagnolo
Pubblicazione: Santiago CIDE 1991
Soggetti:
Tags: Aggiungi Tag
Nessun Tag, puoi essere il primo ad aggiungerne!!

MARC

LEADER 00000nam a2200000 a 4500
001 UCW7116
003 CL-VaPUC
008 920904e19910000CL |||||||||||||||||spa|d
082 0 4 |a 373.24  |b OTE  |2 21 
100 |a Oteíza, Fidel  |e autor  |9 445547 
245 1 4 |a Una alternativa curricular para la educación técnico profesional 
300 |a 139 p 
942 |c BK 
945 |d 19920904 00:00:00 
260 |a Santiago  |b CIDE  |c 1991 
650 0 |a Educación tecnológica  |9 307597 
650 0 |a Currículo  |9 307290 
583 |a last modification  |c 19920904 00:00:00  |k Rodrigo Vera 
999 |c 219983  |d 219981 
952 |0 0  |1 0  |4 0  |6 373_240000000000000_OTE_1991  |7 0  |8 A  |9 211609  |a BIBEDU  |b BIBEDU  |d 2019-11-15  |i 3227413  |o 373.24 OTE 1991  |p 3227413  |r 2019-11-15  |w 2019-11-15  |y BK  |k EDU